The New Age catalogue : (Запис № 529763)

МАРК-запис
000 -LEADER
fixed length control field 01579cam a2200373 a 4500
001 - CONTROL NUMBER
control field newagecataloguea00newy
003 - CONTROL NUMBER IDENTIFIER
control field CaSfIA
005 - DATE AND TIME OF LATEST TRANSACTION
control field 20210118192513.0
007 - PHYSICAL DESCRIPTION FIXED FIELD--GENERAL INFORMATION
fixed length control field cr||||
008 - FIXED-LENGTH DATA ELEMENTS--GENERAL INFORMATION
fixed length control field 871013s1988 nyua br 001 0 eng
010 ## - LIBRARY OF CONGRESS CONTROL NUMBER
LC control number 87030698
040 ## - CATALOGING SOURCE
Original cataloging agency DLC
Transcribing agency DLC
Modifying agency OCL
-- OCLCQ
-- BTCTA
-- YDXCP
-- VVW
-- CaSfIA
020 ## - INTERNATIONAL STANDARD BOOK NUMBER
International Standard Book Number 0385243839 (pbk.) :
Terms of availability $14.95
020 ## - INTERNATIONAL STANDARD BOOK NUMBER
International Standard Book Number 9780385243834 (pbk.)
035 ## - SYSTEM CONTROL NUMBER
System control number (OCoLC)16979016
050 00 - LIBRARY OF CONGRESS CALL NUMBER
Classification number BP605.N48
Item number N47 1988
082 0# - DEWEY DECIMAL CLASSIFICATION NUMBER
Classification number 130/.29/473
Edition number 19
029 1# - (OCLC)
OCLC library identifier YDXCP
System control number 311985
029 1# - (OCLC)
OCLC library identifier NZ1
System control number 3440040
029 1# - (OCLC)
OCLC library identifier AU@
System control number 000005604439
245 04 - TITLE STATEMENT
Title The New Age catalogue :
Medium [electronic resource]
Remainder of title access to information and sources /
Statement of responsibility, etc by the editors of Body, mind, spirit magazine.
260 ## - PUBLICATION, DISTRIBUTION, ETC. (IMPRINT)
Place of publication, distribution, etc New York :
Name of publisher, distributor, etc Doubleday,
Date of publication, distribution, etc 1988.
300 ## - PHYSICAL DESCRIPTION
Extent 244 p. :
Other physical details ill. ;
Dimensions 28 cm.
500 ## - GENERAL NOTE
General note "A Dolphin book."
500 ## - GENERAL NOTE
General note Includes index.
506 ## - RESTRICTIONS ON ACCESS NOTE
Standardized terminology for access restriction Необхідна авторизація на https://archive.org/ (створення облікового запису безкоштовно)
506 ## - RESTRICTIONS ON ACCESS NOTE
Standardized terminology for access restriction Необхідна авторизація на https://openlibrary.org/ (створення облікового запису безкоштовно)
650 #0 - SUBJECT ADDED ENTRY--TOPICAL TERM
Topical term or geographic name as entry element New Age movement
Form subdivision Bibliography.
650 #0 - SUBJECT ADDED ENTRY--TOPICAL TERM
Topical term or geographic name as entry element New Age movement
Form subdivision Directories.
730 0# - ADDED ENTRY--UNIFORM TITLE
Uniform title Body, mind, spirit.
856 41 - ELECTRONIC LOCATION AND ACCESS
Uniform Resource Identifier <a href="http://www.archive.org/details/newagecataloguea00newy">http://www.archive.org/details/newagecataloguea00newy</a>
Public note Free eBook from the Internet Archive
856 42 - ELECTRONIC LOCATION AND ACCESS
Uniform Resource Identifier <a href="http://www.openlibrary.org/books/OL7438076M">http://www.openlibrary.org/books/OL7438076M</a>
Public note Additional information and access via Open Library
942 ## - ADDED ENTRY ELEMENTS (KOHA)
Koha item type ЕКнига

Немає доступних примірників.